00394nam a22001337a 450000500170000000800410001704100250005808200130008310000250009624500520012126000350017330000260020865000260023420240214121739.0240213b |||||||| |||| 00| 0 eng d aAfrikaans / English  a349 TYD  lAfrikaans / English  aTydskrif vir Hedendaagse Romeins-Hollandse Reg  aDurban : bButterworth, c1998 b169 pages ; c25 cm.  aLegal practice bLaw